| 000 | 00368nam a2200133Ia 4500 | ||
|---|---|---|---|
| 008 | 231129s1999||||xx |||||||||||||| ||spa|| | ||
| 020 | _a84-494-1367-2 | ||
| 040 | _bspa | ||
| 082 | _aR 647.94 E56e | ||
| 245 | 0 | _aEnciclopedia Práctica de Turismo Hoteles y Restaurantes | |
| 260 | _c1999 | ||
| 264 | _aOceano | ||
| 942 |
_2ddc _cBKS |
||
| 999 |
_c13016 _d13016 |
||